[Event "TUR-chT 2nd League"]
[Site "Konya"]
[Date "2022.08.26"]
[Round "7.6"]
[White "Tepeli, Sugra"]
[Black "Yalcin, Sudenaz"]
[Result "0-1"]
[WhiteElo "1444"]
[BlackElo "1288"]
[PlyCount "116"]
[EventDate "2022.08.22"]
[EventType "team-swiss"]
[EventRounds "9"]
[EventCountry "TUR"]
[SourceTitle "CBM 210 Extra"]
[Source "ChessBase"]
[SourceDate "2022.11.30"]
[SourceVersion "1"]
[SourceVersionDate "2022.11.30"]
[SourceQuality "1"]
[WhiteTeam "Cesme Belediye"]
[BlackTeam "Duzce AS"]
[WhiteTeamCountry "TUR"]
[BlackTeamCountry "TUR"]

1. e4 c5 2. Nf3 Nc6 3. d4 cxd4 4. Nxd4 Nf6 5. Nc3 e6 6. f3 Bb4 7. Bg5 Qa5 8. Ndb5 a6 9. Nd6+ Ke7 10. Nxc8+ Raxc8 11. Bd2 Nd4 12. Bd3 Bxc3 13. Bxc3 Rxc3 14. bxc3 Qxc3+ 15. Kf1 Rc8 16. Rc1 d5 17. Qe1 dxe4 18. Qxc3 Rxc3 19. fxe4 Ng4 20. Ke1 Ra3 21. Ra1 Ne3 22. Kd2 Nxg2 23. Rhf1 Nh4 24. h3 Nhf3+ 25. Kc1 Ne5 26. Kb2 Nxd3+ 27. cxd3 Rxd3 28. Rad1 Rxd1 29. Rxd1 Nc6 30. Kc3 f5 31. exf5 exf5 32. Rb1 b5 33. Re1+ Kf7 34. Rf1 Kf6 35. Rd1 Ke6 36. Re1+ Kd5 37. Re8 b4+ 38. Kb3 f4 39. Rg8 g6 40. Rg7 f3 41. Rxh7 f2 42. Rf7 Nd4+ 43. Kxb4 Nf5 44. Rd7+ Kc6 45. Rd1 Ne3 46. Rc1+ Kb6 47. Kc3 f1Q 48. Rxf1 Nxf1 49. Kd4 Ng3 50. Ke3 Nf5+ 51. Kf4 Kc6 52. Kg5 Ne7 53. Kf6 Kd6 54. Kf7 Nd5 55. h4 Nf4 56. Kf6 Ng2 57. Kg5 Ke5 58. a3 Nxh4 0-1

[Event "TUR-chT Clubs"]
[Site "Konya"]
[Date "2019.07.18"]
[Round "4.1"]
[White "Yalcin, Sudenaz"]
[Black "Sural, Ceren"]
[Result "0-1"]
[WhiteElo "1371"]
[BlackElo "1622"]
[PlyCount "168"]
[EventDate "2019.07.16"]
[EventType "team-swiss"]
[EventRounds "9"]
[EventCountry "TUR"]
[SourceTitle "CBM 191 Extra"]
[Source "ChessBase"]
[SourceDate "2019.09.30"]
[SourceVersion "1"]
[SourceVersionDate "2019.09.30"]
[SourceQuality "1"]
[WhiteTeam "Celik Dernegi"]
[BlackTeam "Krater Genclik"]
[WhiteTeamCountry "TUR"]
[BlackTeamCountry "TUR"]

1. e4 d5 2. exd5 Qxd5 3. Nc3 Qa5 4. d4 Nf6 5. Nf3 Bf5 6. Bc4 e6 7. Bd2 Bb4 8. Ne5 0-0 9. g4 Bg6 10. h4 c5 11. Nxg6 hxg6 12. a3 Bxc3 13. Bxc3 Qc7 14. dxc5 Rd8 15. Qe2 Qc6 16. Rg1 Ne4 17. Ba5 Rc8 18. 0-0-0 Na6 19. Bxa6 bxa6 20. Rge1 Nxc5 21. Bc3 f6 22. g5 e5 23. Qc4+ Ne6 24. Qg4 f5 25. Qe2 e4 26. Qe3 Rc7 27. f3 Nc5 28. fxe4 Nxe4 29. Rd3 Nc5 30. Rd2 Ne4 31. Rd3 Nc5 32. Rd2 Qb6 33. Qe5 Qb7 34. Red1 Rf8 35. Rd8 Rxd8 36. Rxd8+ Kh7 37. b3 Qc6 38. Rc8 Ne6 39. Rxc7 Qxc7 40. Qxc7 Nxc7 41. a4 Kg8 42. Bd4 Kf7 43. Kd2 Ne6 44. Bxa7 Ke7 45. Ke3 Kd6 46. b4 Kd5 47. c3 Kc4 48. Bd4 Nxd4 49. cxd4 Kxb4 50. Kf4 Kc4 51. Ke5 f4 52. Kxf4 Kxd4 53. Kf3 a5 54. Kf4 Kd5 55. Ke3 Ke5 56. Kf3 Kd4 57. Kf4 Kd5 58. Ke3 Ke5 59. Kf3 Kf5 60. Kg3 Ke4 61. Kg4 Ke3 62. Kg3 Kd4 63. Kf4 Kd5 64. Ke3 Ke5 65. Kd3 Kd5 66. Ke3 Kc4 67. Ke4 Kb4 68. Kd4 Kxa4 69. Kc4 Ka3 70. Kc3 a4 71. Kc2 Kb4 72. Kb2 Kc4 73. Ka3 Kd4 74. Kxa4 Ke4 75. Kb4 Kf4 76. Kc4 Kg4 77. Kd4 Kxh4 78. Ke3 Kxg5 79. Kf3 Kh4 80. Kf2 Kh3 81. Kg1 g5 82. Kh1 g4 83. Kg1 Kg3 84. Kf1 Kh2 0-1

[Event "TUR-ch (Women)"]
[Site "Antalya"]
[Date "2018.03.07"]
[Round "5"]
[White "Sural, Ceren"]
[Black "Yalcin, Sudenaz"]
[Result "1-0"]
[WhiteElo "1483"]
[BlackElo "1176"]
[PlyCount "75"]
[EventDate "2018.03.05"]
[EventType "swiss"]
[EventRounds "9"]
[EventCountry "TUR"]
[SourceTitle "CBM 183 Extra"]
[Source "ChessBase"]
[SourceDate "2018.04.19"]
[SourceVersion "1"]
[SourceVersionDate "2018.04.19"]
[SourceQuality "1"]

1. f4 e5 2. fxe5 d6 3. Nf3 dxe5 4. e4 Nc6 5. Bc4 Bc5 6. d3 Nf6 7. Qe2 Bg4 8. c3 Qd6 9. Be3 Bxe3 10. Qxe3 Na5 11. Bb5+ Nd7 12. b4 Nc6 13. Nbd2 Nb6 14. 0-0 0-0 15. Nh4 a6 16. Bxc6 Qxc6 17. Rac1 Qd6 18. Rf2 Rad8 19. Qg5 Be6 20. Rf3 h6 21. Qg3 Kh7 22. Nf5 Bxf5 23. exf5 Nd5 24. Nc4 Qe7 25. Nxe5 Nf6 26. d4 Nh5 27. Qf2 Qg5 28. Rf1 Nf6 29. h4 Qh5 30. Rf4 Nd5 31. Re4 Nxc3 32. Ree1 g5 33. fxg6+ fxg6 34. Nf3 Qd5 35. Re7+ Kh8 36. Qe3 Qh5 37. Qxc3 c6 38. d5+ 1-0

[Event "TUR-ch (Women)"]
[Site "Antalya"]
[Date "2018.03.06"]
[Round "2"]
[White "Ince, Fatma Ovgum"]
[Black "Yalcin, Sudenaz"]
[Result "0-1"]
[WhiteElo "1060"]
[BlackElo "1176"]
[PlyCount "75"]
[EventDate "2018.03.05"]
[EventType "swiss"]
[EventRounds "9"]
[EventCountry "TUR"]
[SourceTitle "CBM 183 Extra"]
[Source "ChessBase"]
[SourceDate "2018.04.19"]
[SourceVersion "1"]
[SourceVersionDate "2018.04.19"]
[SourceQuality "1"]

1. e4 c5 2. d4 cxd4 3. c3 dxc3 4. Nxc3 Nc6 5. Nf3 g6 6. Bc4 Bg7 7. Bd2 d6 8. h3 Nf6 9. Qe2 Bd7 10. 0-0 0-0 11. e5 dxe5 12. Nxe5 Nxe5 13. Qxe5 Bc6 14. Qe2 a6 15. Rfe1 b5 16. Bb3 b4 17. Na4 a5 18. Rac1 Rc8 19. Qxe7 Qxd2 20. Nb6 Rce8 21. Nc4 Qxc1 22. Qxf8+ Bxf8 23. Rxc1 a4 24. Bc2 Bb5 25. Bd3 Rc8 26. b3 a3 27. Re1 Re8 28. Rxe8 Bxe8 29. Ne5 Bd6 30. Nf3 Nd5 31. Bc4 Nc3 32. Bd3 Nxa2 33. Bb1 Nc3 34. Nd2 Nxb1 35. Nxb1 a2 36. Nd2 a1Q+ 37. Nf1 Bb5 38. g3 0-1